| 000 | 00825cam a2200229 i 4500 | ||
|---|---|---|---|
| 999 |
_c12954 _d12954 |
||
| 003 | OSt | ||
| 005 | 20240802134310.0 | ||
| 008 | 191218r20182007maua b 001 0 eng | ||
| 020 | _a9781631593802 | ||
| 040 |
_aDLC _beng _erda _cDLC _dDLC |
||
| 042 | _apcc | ||
| 082 | 0 | 0 |
_a747 _223 |
| 100 | 1 |
_aGrimley, Chris, _eauthor. |
|
| 245 | 1 | 4 |
_aThe interior design reference + specification book : _beverything interior designers need to know every day / _cChris Grimley + Mimi Love. |
| 246 | 3 | _aInterior design reference plus specification book | |
| 250 | _aUpdated + revised. | ||
| 300 |
_a287 pages : _billustrations (some color) ; _c21 cm |
||
| 504 | _aIncludes bibliographical references (pages 271-274) and index. | ||
| 650 | 0 |
_aInterior decoration _vHandbooks, manuals, etc. |
|
| 700 | 1 |
_aLove, Mimi, _eauthor. |
|
| 942 | _2ddc | ||